Où est cette ville de France? - Carte Clic #1 - Statistiques

Statistiques générales
  • Ce quiz a été pris 10 874 fois
  • Le résultat moyen est 15 sur 20
Statistiques - réponses
Hint Réponse % Correct
Où se trouve... Lille?
91%
Où se trouve... Ajaccio?
91%
Où se trouve... Calais?
87%
Où se trouve... Nice?
87%
Où se trouve... Toulouse?
84%
Où se trouve... Strasbourg?
83%
Où se trouve... Lyon?
83%
Où se trouve... Montpellier?
83%
Où se trouve... Paris?
80%
Où se trouve... Nantes?
80%
Où se trouve... Marseille?
79%
Où se trouve... Orléans?
74%
Où se trouve... Grenoble?
74%
Où se trouve... Brest?
70%
Où se trouve... Tours?
69%
Où se trouve... Dijon?
67%
Où se trouve... Cayenne?
58%
Où se trouve... Rennes?
57%
Où se trouve... Caen?
53%
Où se trouve... Bordeaux?
28%
Aucun quiz correspondant
Distribution des résultats
% des personnes avec chaque résultat
Percentile par nombre de réponses
Votre historique - résultats
Vous n’avez pas pris ce quiz